[Event "Stay Safe Play From Home 194"]
[Site "T#646519Emanuel Laske"]
[Date "2020.06.02"]
[Round "3"]
[White "Konmos"]
[Black "Lazieri3"]
[Result "1-0"]
[WhiteElo "1676"]
[BlackElo "2082"]
[Annotator "TA"]
[PlyCount "119"]
[EventDate "2020.06.02"]
[EventType "swiss (blitz)"]

{[%evp 9,119,12,70,10,41,17,30,11,43,45,33,42,48,54,53,-6,3,8,65,13,23,-58,-62,-111,-90,-144,-141,-154,-166,-159,-159,-228,-151,-352,-52,-67,0,0,41,39,36,10,0,0,36,33,116,31,33,30,33,0,0,0,20,-32,15,15,15,18,212,198,201,139,129,138,114,-122,12,-319,139,-264,0,-12,434,75,70,71,325,223,354,14,541,527,525,480,29986,29987,29988,29988,29989,29989,29989,0,29986,0,29989,29990,29991,29991,29991,29990,29990,29990,29992,29993,29993,29994,29995,29996,29996,29996]} 1. e4 c6 2. d4 d5 3. Nc3 dxe4 4. Nxe4 Nd7 5. Ng3 Ndf6 {[#]} (5... e6 $11) 6. h4 $146 {B17: Caro-Kann: Modern Line (4...Nd7).} (6. Bc4 $14) ({Predecessor:} 6. Nf3 h5 7. Bg5 Bg4 8. h3 Bxf3 9. gxf3 Qd5 10. Be3 h4 11. Ne4 Nxe4 12. fxe4 Qxe4 {0-1 (39) Schmaltz,R (2502)-Dlugy,M (2531) Internet 1999}) 6... h6 7. Nf3 Bg4 8. Be2 {White has an edge.} Nh5 9. Ne5 Bxe2 10. Nxe2 Nhf6 11. Ng3 e6 12. Nh5 (12. O-O $14) 12... Nxh5 13. Qxh5 {[%csl Ge5][%cal Rh5f7]} Qf6 (13... Qc7 $11) 14. O-O (14. Bd2 $14) 14... Bd6 $11 15. f4 (15. g3 $11) 15... Ne7 $15 16. Qf3 Qxh4 17. g3 (17. Bd2 $142) 17... Qf6 18. Kg2 Nf5 19. c3 O-O-O 20. Rh1 {[#]} (20. a4 $17 {keeps fighting.}) 20... h5 $1 {[%mdl 512]} 21. Rxh5 $2 (21. Be3 $17 {might work better.}) 21... Rxh5 $2 (21... Bxe5 $19 22. fxe5 Qg6) 22. Qxh5 Bxe5 ({Better is} 22... Rf8 $15) 23. fxe5 $11 Qe7 (23... Nxg3 $5 24. Kxg3 (24. exf6 Nxh5 25. fxg7 Rg8 $17) 24... Qf1 $11) 24. Bg5 f6 25. exf6 gxf6 26. Bf4 Nd6 27. Re1 Nc4 (27... Nf7 $14) 28. Qg4 (28. Qe2 $16 Nb6 29. Qxe6+ Qxe6 30. Rxe6) 28... Re8 $14 29. b3 $36 {[%mdl 2048] White has some pressure.} Nb6 30. a4 Nd5 31. Bd2 Qd7 32. Rh1 (32. c4 $11 Nc7 33. Rh1) 32... e5 (32... c5 {with more complications.} 33. dxc5 f5 34. Qf3 Nf6 35. Be3 Ne4) 33. Qxd7+ Kxd7 34. dxe5 $11 {[%mdl 4096] Endgame KRB-KRN} Re7 $2 (34... Rxe5 $11 35. Kf3 Ne7) 35. c4 $18 Nc7 36. exf6 Re2+ 37. Kf3 Rxd2 $16 {KRN-KR} 38. f7 $2 (38. Rh7+ $16 {and life is bright.} Kc8 39. g4) 38... Ne6 (38... Ke7 $17 {Hoping for ...Rd3+.} 39. Rh7 Ne6 40. f8=R+ Kxf8 41. Rxb7 Rd3+ 42. Kg4 a5) 39. Rh7 $2 {[%mdl 8192]} (39. Re1 $1 $11 Rd3+ {[%mdl 64] Double Attack} 40. Kf2) 39... Kd6 $2 (39... Ng5+ $19 40. Ke3 Nxh7 41. Kxd2 Ke7) 40. Rh8 $2 {[%mdl 8192]} (40. Rh6 $16 Ke7 41. Rxe6+ $1 {[%mdl 512]} Kxf7 42. Re3) 40... Rd3+ $2 ({Black should try} 40... Ke7 $1 $19 {Strongly threatening ...Rd3+.} 41. b4 Kxf7 42. Rh7+ Ng7) 41. Ke4 Rd1 $2 {[%mdl 8192] [#]} (41... Rxg3 $11 42. Rh6 Ke7 43. Rxe6+ Kxf7) 42. f8=Q+ $2 (42. Rd8+ $1 $18 {[%mdl 512] is the precise move to win.} Nxd8 43. f8=Q+ {[%mdl 64] Double Attack} Kd7 44. g4) 42... Nxf8 43. Rxf8 {aiming for Rd8+. KR-KR} Kc5 $2 {[%mdl 8192]} (43... Re1+ $16 44. Kd3 Rd1+ 45. Kc3 Rc1+ 46. Kb4 c5+ 47. Ka3 b6) 44. Rf5+ Kb4 {[#]} (44... Kd6 $142 45. Rf6+ Kc5) 45. Rf7 $2 (45. Rf3 $1 $18) 45... Rg1 $2 {[%mdl 8192]} (45... Kxb3 $11 {and Black stays safe.} 46. Rxb7+ Kxc4) 46. Rxb7+ $18 {[%mdl 64] Double Attack} Kc3 47. Kf3 Rxg3+ (47... Kd4 $18 48. Rxa7 Rf1+ 49. Kg4 Rf8) 48. Kxg3 {KR-KPP} a5 49. Rb6 c5 {[#]} 50. Rb5 $1 Kb2 51. Rb6 Kc3 {[#]} 52. Rb5 $1 Kb2 $1 53. Rxc5 {White mates.} Ka3 54. Rxa5 {KR-K} Kb2 55. Ra8 Kc3 56. c5 Kb2 57. c6 Ka3 58. c7 Kb2 59. c8=Q Ka3 60. Qh8 {Never resign too early! Accuracy: White = 28%, Black = 30%.} 1-0

[Event "Stay Safe Play From Home 194"]
[Site "T#646519Emanuel Laske"]
[Date "2020.06.02"]
[Round "3"]
[White "Trotsky"]
[Black "Tobo Rubirosa"]
[Result "0-1"]
[WhiteElo "1558"]
[BlackElo "1503"]
[Annotator "NA RC"]
[PlyCount "58"]
[EventDate "2020.06.02"]
[EventType "swiss (blitz)"]

1. d4 {[%emt 0:00:01]} Nf6 {[%emt 0:00:02]} 2. e3 {[%emt 0:00:00]} g6 {[%emt 0:00:01]} 3. c4 {[%emt 0:00:01]} Bg7 {[%emt 0:00:01]} 4. Nc3 {[%emt 0:00:01]} O-O {[%emt 0:00:01]} 5. Bd3 {[%emt 0:00:02]} d5 {[%emt 0:00:01]} 6. Qc2 {[%emt 0:00:01]} c5 {[%emt 0:00:01]} 7. Nf3 {[%emt 0:00:01]} Nc6 {[%emt 0:00:02]} 8. a3 {[%emt 0:00:01]} cxd4 {[%emt 0:00:02]} 9. exd4 {[%emt 0:00:01]} dxc4 {[%emt 0:00:01]} 10. Be4 {[%emt 0:00:06]} Bg4 {[%emt 0:00:00]} 11. d5 {[%emt 0:00:03]} Bxf3 {[%emt 0:00:03]} 12. gxf3 {[%emt 0:00:02]} Ne5 {[%emt 0:00:01]} 13. Bf4 {[%emt 0:00:05]} Nxe4 {[%emt 0:00:01]} 14. Nxe4 {[%emt 0:00:02]} Nd3+ {[%emt 0:00:01]} 15. Ke2 {[%emt 0:00:04]} Nxf4+ {[%emt 0:00:00]} 16. Ke3 {[%emt 0:00:03]} Nxd5+ {[%emt 0:00:00]} 17. Ke2 {[%emt 0:00:03]} Nf6 {[%emt 0:00:01]} 18. Rad1 {[%emt 0:00:02]} Qc7 {[%emt 0:00:02]} 19. Ng5 {[%emt 0:00:01]} h6 {[%emt 0:00:02]} 20. h4 {[%emt 0:00:01]} hxg5 {[%emt 0:00:02]} 21. hxg5 {[%emt 0:00:01]} Nh5 {[%emt 0:00:01]} 22. Kf1 {[%emt 0:00:01]} Qf4 {[%emt 0:00:02]} 23. Rh3 {[%emt 0:00:05]} Rad8 {[%emt 0:00:04]} 24. Re1 {[%emt 0:00:02]} e5 {[%emt 0:00:02]} 25. Kg2 {[%emt 0:00:01]} Rd2 {[%emt 0:00:02]} 26. Qc3 {[%emt 0:00:02]} Rd3 {[%emt 0:00:03]} 27. Qc2 {[%emt 0:00:04]} Rxf3 {[%emt 0:00:02]} 28. Kg1 {[%emt 0:00:02]} Qg4+ {[%emt 0:00:03] '} 29. Rg3 {[%emt 0:00:01]} Nxg3 {[%emt 0:00:03] Âðåìÿ (Lag: Av=0.70s, max=1.3s)} 0-1

[Event "Stay Safe Play From Home 194"]
[Site "T#646519Emanuel Laske"]
[Date "2020.06.02"]
[Round "4"]
[White "Broken sword"]
[Black "XShot"]
[Result "1-0"]
[WhiteElo "2525"]
[BlackElo "2520"]
[Annotator "TA"]
[PlyCount "151"]
[EventDate "2020.06.02"]
[EventType "swiss (blitz)"]

{[%evp 9,150,38,42,43,41,29,44,49,104,96,165,169,230,204,226,203,287,191,184,183,213,216,216,76,76,76,71,0,98,47,187,63,559,97,85,34,42,20,44,-202,-202,-202,-202,-707,-133,-125,-130,-164,-124,-125,-95,-122,108,-332,-102,-128,-124,-124,-114,-122,349,-101,-50,-60,-19,-19,-19,-29,-33,-100,-93,-108,-79,-119,-88,-158,-83,-206,-128,-205,-108,-198,-120,-200,579,573,5724,5232,29975,29976,29976,29977,29981,29982,29982,29983,29981,29979,29983,29984,29985,29985,29987,29986,29988,29989,29989,29990,29989,29988,29989,29989,29990,29990,29990,29989,29991,29992,29992,29993,29993,29994,29994,29994,29996,29992,29992,29993,29995,29996,29996,29997,29997,29997,29997,29996,29997,29997,29997,29998,29998,29999,29999]} 1. d4 c6 2. Nf3 d6 3. c3 Nf6 4. Bf4 Bg4 5. Nbd2 {[#]} Bxf3 $146 ({Predecessor:} 5... Nh5 6. Bg5 h6 7. Bh4 g5 8. Bg3 Nd7 9. e3 Qc7 10. Be2 O-O-O 11. b4 f5 12. Qb3 {1-0 (55) Herrmann,A (2156)-Usachyi,V (2123) Germany 2018}) 6. Nxf3 {A46: 1 d4 Nf6 2 Nf3 e6: Torre, London and Colle Systems.} e6 7. e3 Be7 8. Qb3 {White is slightly better.} O-O (8... Qb6 $14) 9. Qxb7 $16 Nbd7 (9... Qd7 $16 10. Qb3 (10. Qxa8 Nd5 $14) 10... Qc7) 10. Qxc6 $18 d5 (10... Rb8 $142) 11. Be2 Nb6 {[%cal Bd7b6,Bb6c4,Bc4b2,Bb2a4,Ba4c3][%mdl 32]} 12. O-O Nh5 (12... Rc8 {might work better.} 13. Qb7 Bd6) 13. Bg3 Nxg3 14. hxg3 Rc8 15. Qb5 Rb8 16. Qb3 (16. b3 $18 {has better winning chances.}) 16... Nc4 $16 17. Qa4 Nxb2 18. Qxa7 (18. Qc2 $1 $16) 18... Bd6 (18... Ra8 $1 $11 19. Qb7 Rb8) 19. Rfb1 (19. Ne5 $1 $16) 19... Qc8 (19... Ra8 $14 20. Qb7 Rb8) 20. Qa6 ({Better is} 20. a4 $18) 20... Qxc3 $2 {[%mdl 8192]} (20... Qc7 $14) 21. Rc1 $2 (21. Qxd6 $18 {is the precise move to win.} Rbd8 22. Qf4) 21... Qa3 22. Qc6 (22. Rc6 $16 Ra8 23. Qxa3 (23. Rxd6 Rxa6 24. Rxa6 Qc3 $15) 23... Bxa3 24. Rac1) 22... Na4 23. Qc2 Rb2 24. Qd1 $2 (24. Qd3 $14) 24... Nc3 $19 25. Rxc3 Qxc3 26. a4 $2 {[#]} (26. Kf1) 26... Qc2 $2 (26... Rxe2 $1 $19 {[%mdl 512]} 27. Qc1 (27. Qxe2 Qxa1+) 27... Rc2) 27. Qxc2 $17 Rxc2 28. Bb5 Rc7 29. Ne1 Ra8 30. Nd3 Rb7 $2 (30... h5 $17 {stays on course.} 31. Nf4 g6) 31. Rb1 $2 {[%mdl 8192] [#]} (31. Bc6 $16 {is forced if you want to stay better.} Rbb8 32. Bxa8 Rxa8 33. g4) 31... g6 $2 (31... Rxa4 $1 $19 {[%mdl 512] is more deadly.} 32. Bxa4 Rxb1+ 33. Kh2 g5) 32. Nc5 Bxc5 33. dxc5 {[%mdl 4096] Endgame KRR-KRB} Rc8 34. Rc1 {With the idea Ba6.} Kg7 $2 {[%mdl 8192]} (34... Rbc7 $17 {keeps the pressure on.} 35. c6 Kf8) 35. c6 $2 ({White must play} 35. Ba6 $18 Rbc7 36. Bxc8 Rxc8 37. c6) 35... Rb6 (35... Ra7 $17) 36. Kf1 Rc7 37. Ke2 Kf6 38. Kd3 Ke5 39. Rc2 (39. g4 $15) 39... Kd6 40. f4 f6 41. Kd4 e5+ 42. Kd3 ({White should try} 42. fxe5+ fxe5+ 43. Kc3) 42... Rb8 ({Black should play} 42... f5 43. fxe5+ Kxe5) 43. Rc1 (43. fxe5+ $17 fxe5 44. e4) 43... Rbc8 44. Rc2 (44. e4 $17) 44... Ra8 (44... Re7 $19 45. Rc1 exf4 46. exf4 Re4) 45. Rc1 (45. fxe5+ $17 fxe5 46. e4) 45... Rca7 (45... exf4 $19 46. gxf4 Re8) 46. Rc2 (46. e4 $17 {was necessary.}) 46... Rxa4 $4 {[%mdl 8192]} (46... Re7 $19 {...Raa7 is the strong threat.} 47. Kd2 Raa7) 47. Bxa4 $18 Rxa4 $19 {KR-KR} 48. c7 Ra8 49. c8=Q {White mates.} Rxc8 50. Rxc8 {KR-KP} Kd7 51. Rh8 Ke6 52. Rxh7 Kf5 53. Ke2 d4 54. exd4 exd4 {KR-K3P} 55. Kf3 g5 56. Rd7 d3 57. Rxd3 {KR-KPP} g4+ 58. Ke3 Ke6 59. Rb3 f5 60. Rb5 Kd6 61. Ra5 Ke6 62. Re5+ Kf6 63. Kd4 Kf7 64. Kd5 Kf6 65. Kd6 Kf7 66. Re6 Kg7 67. Ke5 Kf7 68. Rf6+ Kg7 69. Kxf5 {KR-KP} Kh7 70. Rg6 Kh8 71. Rxg4 Kh7 72. Rg5 Kh8 73. Kf6 Kh7 74. Kf7 {[%cal Rg5h5]} Kh6 75. g4 {[%csl Gg4][%cal Rg5h5]} Kh7 76. Rh5# {What a bad dream for Black. Accuracy: White = 25%, Black = 25%.} 1-0

[Event "Stay Safe Play From Home 194"]
[Site "T#646519Emanuel Laske"]
[Date "2020.06.02"]
[Round "4"]
[White "Rogan"]
[Black "SoulofWolf"]
[Result "0-1"]
[WhiteElo "2240"]
[BlackElo "2192"]
[Annotator "TA"]
[PlyCount "68"]
[EventDate "2020.06.02"]
[EventType "swiss (blitz)"]

{[%evp 11,68,14,20,-16,-11,-27,18,22,28,0,3,2,13,6,42,34,51,0,0,-6,-5,-9,-9,-27,-9,-26,5,6,5,0,31,0,44,39,69,77,102,49,54,45,79,67,114,114,116,116,125,135,322,60,216,71,136,135,259,281,267,-29987,-29988]} 1. d4 e6 2. c3 d5 3. Nf3 Be7 4. Bf4 Nd7 5. Nbd2 c5 6. e3 Ngf6 {[#]} 7. Bb5 $146 {D02: 1 d4 d5 2 Nf3 sidelines, including 2...Nf6 3 g3 and 2...Nf6 3 Bf4.} ({Predecessor:} 7. Bd3 O-O 8. O-O Nh5 9. Be5 Nhf6 10. Qe2 Nxe5 11. Nxe5 c4 12. Bc2 b5 13. a3 a5 14. f4 Bb7 15. f5 exf5 16. Rxf5 {0-1 (38) Smirnov,A (2567)-Xiong,J (2679) chess.com INT 2019}) 7... O-O 8. O-O Re8 9. Ne5 {The position is equal.} a6 10. Nxd7 Bxd7 11. Bd3 b6 12. Nf3 Bc6 13. Ne5 Bb7 14. Bg5 ({Better is} 14. Qf3 $14) 14... Ne4 $11 15. Bxe7 Qxe7 16. f4 f6 17. Nf3 Nd6 18. Qe2 c4 19. Bc2 b5 20. a3 f5 21. Rae1 Ne4 22. Ne5 Qf6 23. Bxe4 fxe4 24. Nd7 ({White should try} 24. g4 $16) 24... Qe7 25. Nc5 $1 Bc6 26. f5 exf5 27. Rxf5 Rf8 28. Ref1 Rxf5 29. Rxf5 Bd7 $2 {[#]} (29... a5 $16) 30. Rf4 $2 (30. Rxd5 $18 Bc6 31. Re5) 30... Rf8 $2 (30... Be6 $14) 31. Qf2 ({Don't do} 31. Nxa6 $6 Rxf4 32. exf4 Bc8 $16) (31. Rxf8+ $18 {is more deadly.} Kxf8 32. Qh5 (32. Nxa6 Qh4 $16)) 31... Rxf4 (31... Ra8 $142) 32. Qxf4 $16 Bc8 (32... a5 $16 {was worth a try.}) 33. Qb8 $18 Qf8 34. Qd6 $4 {[%mdl 8192] [#]} (34. Qa8 $18) 34... Qxd6 {Black used his chance. Accuracy: White = 54%, Black = 39%.} 0-1

[Event "Stay Safe Play From Home 194"]
[Site "T#646519Emanuel Laske"]
[Date "2020.06.02"]
[Round "4"]
[White "Mepe_Nika"]
[Black "Konmos"]
[Result "0-1"]
[WhiteElo "2218"]
[BlackElo "1707"]
[Annotator "RC"]
[PlyCount "110"]
[EventDate "2020.06.02"]
[EventType "swiss (blitz)"]

1. d4 {[%emt 0:00:02]} e5 {[%emt 0:00:01]} 2. dxe5 {[%emt 0:00:01]} Nc6 {[%emt 0:00:00]} 3. Nf3 {[%emt 0:00:01]} Qe7 {[%emt 0:00:00]} 4. g3 {[%emt 0:00:01]} Nxe5 {[%emt 0:00:01]} 5. Bg2 {[%emt 0:00:01]} Nxf3+ {[%emt 0:00:01]} 6. Bxf3 {[%emt 0:00:00]} c6 {[%emt 0:00:00]} 7. O-O {[%emt 0:00:01]} d5 {[%emt 0:00:00]} 8. Nd2 {[%emt 0:00:00]} Bh3 {[%emt 0:00:00]} 9. Re1 {[%emt 0:00:01]} Bc8 {[%emt 0:00:00]} 10. e4 {[%emt 0:00:01]} d4 {[%emt 0:00:02]} 11. Nc4 {[%emt 0:00:03]} Be6 {[%emt 0:00:02]} 12. Qxd4 {[%emt 0:00:02]} Rd8 {[%emt 0:00:03]} 13. Qc3 {[%emt 0:00:05]} b5 {[%emt 0:00:01]} 14. Ne5 {[%emt 0:00:02]} c5 {[%emt 0:00:03]} 15. Be3 {[%emt 0:00:03]} b4 {[%emt 0:00:04]} 16. Qxc5 {[%emt 0:00:01]} Qxc5 {[%emt 0:00:01]} 17. Bxc5 {[%emt 0:00:00]} Bxc5 {[%emt 0:00:00]} 18. Nd3 {[%emt 0:00:00]} Bb6 {[%emt 0:00:01]} 19. a3 {[%emt 0:00:01]} bxa3 {[%emt 0:00:02]} 20. Rxa3 {[%emt 0:00:00]} Nf6 {[%emt 0:00:01]} 21. e5 {[%emt 0:00:01]} Nd5 {[%emt 0:00:02]} 22. c4 {[%emt 0:00:01]} Nc7 {[%emt 0:00:02]} 23. c5 {[%emt 0:00:00]} Rxd3 {[%emt 0:00:03]} 24. Rxd3 {[%emt 0:00:04]} Bxc5 {[%emt 0:00:00]} 25. Rc1 {[%emt 0:00:01]} Bb6 {[%emt 0:00:01]} 26. Bc6+ {[%emt 0:00:02]} Ke7 {[%emt 0:00:00]} 27. Kg2 {[%emt 0:00:02]} Rd8 {[%emt 0:00:00]} 28. Rxd8 {[%emt 0:00:01]} Kxd8 {[%emt 0:00:00]} 29. f4 {[%emt 0:00:00]} Ke7 {[%emt 0:00:00]} 30. Kf3 {[%emt 0:00:01]} g6 {[%emt 0:00:00]} 31. Ke4 {[%emt 0:00:01]} Bb3 {[%emt 0:00:01]} 32. g4 {[%emt 0:00:02]} Ne6 {[%emt 0:00:01]} 33. f5 {[%emt 0:00:01]} Nc5+ {[%emt 0:00:00]} 34. Kf4 {[%emt 0:00:02]} gxf5 {[%emt 0:00:02]} 35. Kxf5 {[%emt 0:00:01]} Nd3 {[%emt 0:00:00]} 36. Rc3 {[%emt 0:00:02]} Nc5 {[%emt 0:00:01]} 37. Kg5 {[%emt 0:00:02]} f6+ {[%emt 0:00:02]} 38. exf6+ {[%emt 0:00:01]} Kf7 {[%emt 0:00:00]} 39. Re3 {[%emt 0:00:00]} h6+ {[%emt 0:00:01]} 40. Kf5 {[%emt 0:00:01]} Nd7 {[%emt 0:00:02]} 41. Bxd7 {[%emt 0:00:02]} Bc2+ {[%emt 0:00:00]} 42. Kf4 {[%emt 0:00:00]} Bxe3+ {[%emt 0:00:01]} 43. Kxe3 {[%emt 0:00:01]} Kxf6 {[%emt 0:00:00]} 44. h3 {[%emt 0:00:00]} Bb1 {[%emt 0:00:01]} 45. Kf4 {[%emt 0:00:00]} Bg6 {[%emt 0:00:01]} 46. Bf5 {[%emt 0:00:00]} Bxf5 {[%emt 0:00:01]} 47. h4 {[%emt 0:00:00]} Bxg4 {[%emt 0:00:01]} 48. Kxg4 {[%emt 0:00:01]} a5 {[%emt 0:00:00]} 49. Kh5 {[%emt 0:00:01]} a4 {[%emt 0:00:00]} 50. Kxh6 {[%emt 0:00:01]} Kf5 {[%emt 0:00:01]} 51. h5 {[%emt 0:00:00]} Kf6 {[%emt 0:00:00]} 52. Kh7 {[%emt 0:00:01]} Kf7 {[%emt 0:00:00]} 53. h6 {[%emt 0:00:01]} Kf8 {[%emt 0:00:01]} 54. Kg6 {[%emt 0:00:01]} Kg8 {[%emt 0:00:00]} 55. Kf5 {[%emt 0:00:00]} Kh7 {[%emt 0:00:00] Time (Lag: Av=0.84s, max=1.4s)} 0-1

[Event "Stay Safe Play From Home 194"]
[Site "T#646519Emanuel Laske"]
[Date "2020.06.02"]
[Round "4"]
[White "Don59as"]
[Black "Toosieslide"]
[Result "0-1"]
[WhiteElo "2126"]
[BlackElo "2197"]
[Annotator "NA RC"]
[PlyCount "82"]
[EventDate "2020.06.02"]
[EventType "swiss (blitz)"]

1. c4 {[%emt 0:00:01]} c6 {[%emt 0:00:01]} 2. e4 {[%emt 0:00:02]} d5 {[%emt 0:00:01]} 3. cxd5 {[%emt 0:00:00]} cxd5 {[%emt 0:00:00]} 4. e5 {[%emt 0:00:00]} e6 {[%emt 0:00:01]} 5. f4 {[%emt 0:00:01]} Nc6 {[%emt 0:00:01]} 6. Nf3 {[%emt 0:00:00]} Bc5 {[%emt 0:00:01]} 7. d4 {[%emt 0:00:01]} Bb4+ {[%emt 0:00:01]} 8. Nc3 {[%emt 0:00:01]} Nge7 {[%emt 0:00:01]} 9. Be3 {[%emt 0:00:01]} Nf5 {[%emt 0:00:01]} 10. Bf2 {[%emt 0:00:01]} h5 {[%emt 0:00:01]} 11. Bd3 {[%emt 0:00:01]} Bd7 {[%emt 0:00:04]} 12. Bxf5 {[%emt 0:00:01]} exf5 {[%emt 0:00:00]} 13. O-O {[%emt 0:00:02]} Be6 {[%emt 0:00:01]} 14. Qa4 {[%emt 0:00:04]} Qd7 {[%emt 0:00:02]} 15. a3 {[%emt 0:00:02]} Be7 {[%emt 0:00:01]} 16. Qd1 {[%emt 0:00:02]} O-O {[%emt 0:00:01]} 17. Ng5 {[%emt 0:00:01]} Bxg5 {[%emt 0:00:01]} 18. fxg5 {[%emt 0:00:01]} g6 {[%emt 0:00:00]} 19. h3 {[%emt 0:00:01]} b5 {[%emt 0:00:03]} 20. Be3 {[%emt 0:00:01]} b4 {[%emt 0:00:01]} 21. g4 {[%emt 0:00:01]} fxg4 {[%emt 0:00:01]} 22. hxg4 {[%emt 0:00:01]} Bxg4 {[%emt 0:00:01]} 23. Qe1 {[%emt 0:00:01]} bxc3 {[%emt 0:00:01]} 24. bxc3 {[%emt 0:00:01]} Rae8 {[%emt 0:00:01]} 25. Rf6 {[%emt 0:00:01]} Nd8 {[%emt 0:00:03]} 26. Rb1 {[%emt 0:00:03]} Ne6 {[%emt 0:00:01]} 27. c4 {[%emt 0:00:03]} dxc4 {[%emt 0:00:01]} 28. Qa5 {[%emt 0:00:02]} Nxd4 {[%emt 0:00:02]} 29. Qa6 {[%emt 0:00:04]} Ne2+ {[%emt 0:00:01]} 30. Kf2 {[%emt 0:00:02]} Qd3 {[%emt 0:00:01]} 31. Rd1 {[%emt 0:00:04]} Qe4 {[%emt 0:00:03]} 32. Rdd6 {[%emt 0:00:05]} Rxe5 {[%emt 0:00:02]} 33. Ke1 {[%emt 0:00:02]} Nf4 {[%emt 0:00:08]} 34. Rxg6+ {[%emt 0:00:03]} Nxg6 {[%emt 0:00:01]} 35. Qxa7 {[%emt 0:00:02]} Qxe3+ {[%emt 0:00:01]} 36. Qxe3 {[%emt 0:00:00]} Rxe3+ {[%emt 0:00:00]} 37. Kf2 {[%emt 0:00:00]} Rd3 {[%emt 0:00:00]} 38. Rc6 {[%emt 0:00:01]} Rc3 {[%emt 0:00:01]} 39. a4 {[%emt 0:00:01]} Rc2+ {[%emt 0:00:00]} 40. Ke3 {[%emt 0:00:01]} Re8+ {[%emt 0:00:00]} 41. Kd4 {[%emt 0:00:01]} Bf3 {[%emt 0:00:01] Time (Lag: Av=0.59s, max=1.1s)} 0-1

[Event "Stay Safe Play From Home 194"]
[Site "T#646519Emanuel Laske"]
[Date "2020.06.02"]
[Round "4"]
[White "Bellbox"]
[Black "Haxhi Baha"]
[Result "1-0"]
[WhiteElo "2115"]
[BlackElo "1934"]
[Annotator "TA"]
[PlyCount "39"]
[EventDate "2020.06.02"]
[EventType "swiss (blitz)"]

{[%evp 9,39,27,25,14,29,12,86,75,85,85,102,110,127,2,75,61,81,67,101,104,277,160,157,163,180,176,1378,1373,1352,1345,1331,1338]} 1. e4 e6 2. d3 d5 3. Nd2 dxe4 4. dxe4 b6 5. Ngf3 Bb7 6. Bd3 {[#] C00: French: Unusual White 2nd moves.} Nc6 $146 ({Predecessor:} 6... Nd7 7. Qe2 Ne7 8. Nb3 e5 9. Bc4 h6 10. Bd2 Ng6 11. h4 Qf6 12. O-O-O O-O-O {1-0 (38) Leventic,I (2498)-Valkovic,K (2027) Sibenik 2010}) 7. O-O Nb4 (7... Nge7 $11 {keeps the balance.}) 8. Bb5+ $16 {White is better.} c6 9. Be2 Nf6 10. a3 Na6 11. Bd3 ({Better is} 11. e5 $16 Nd5 12. Ne4) 11... Be7 (11... Nc5 $11) 12. b4 Nc7 13. e5 Nfd5 14. Ne4 $36 {[%mdl 2048] c4 is the strong threat. White is really pushing.} O-O $2 {[#] Now Black is done in.} (14... b5 $16 {is a better defense.}) 15. Nd6 ({White should try} 15. c4 $18) 15... Bxd6 16. exd6 Qxd6 17. c4 Nf4 $2 {[#]} (17... Rad8) 18. Bxh7+ $1 $18 {[%mdl 576] Discovered Attack. White is clearly winning.} Kxh7 19. Qxd6 Ng6 20. Qxc7 {Accuracy: White = 63%, Black = 31%.} 1-0

[Event "Stay Safe Play From Home 194"]
[Site "T#646519Emanuel Laske"]
[Date "2020.06.02"]
[Round "4"]
[White "Fischer_11"]
[Black "Edmatuag"]
[Result "1-0"]
[WhiteElo "2010"]
[BlackElo "1646"]
[Annotator "NA RC"]
[PlyCount "95"]
[EventDate "2020.06.02"]
[EventType "swiss (blitz)"]

1. e4 {[%emt 0:00:04]} d6 {[%emt 0:00:00]} 2. d4 {[%emt 0:00:01]} g6 {[%emt 0:00:00]} 3. Nc3 {[%emt 0:00:00]} Bg7 {[%emt 0:00:00]} 4. Bh6 {[%emt 0:00:00]} Bxh6 {[%emt 0:00:03]} 5. g3 {[%emt 0:00:00]} Bg7 {[%emt 0:00:01]} 6. f4 {[%emt 0:00:00]} e5 {[%emt 0:00:02]} 7. Nf3 {[%emt 0:00:00]} exd4 {[%emt 0:00:02]} 8. Nxd4 {[%emt 0:00:00]} Nc6 {[%emt 0:00:01]} 9. Bb5 {[%emt 0:00:02]} Bd7 {[%emt 0:00:02]} 10. Bxc6 {[%emt 0:00:01]} bxc6 {[%emt 0:00:01]} 11. O-O {[%emt 0:00:02]} Qe7 {[%emt 0:00:01]} 12. e5 {[%emt 0:00:02]} dxe5 {[%emt 0:00:02]} 13. fxe5 {[%emt 0:00:00]} Be6 {[%emt 0:00:02]} 14. Nxc6 {[%emt 0:00:02]} Qc5+ {[%emt 0:00:01]} 15. Rf2 {[%emt 0:00:03]} Qxc6 {[%emt 0:00:01]} 16. Qd4 {[%emt 0:00:03]} Rd8 {[%emt 0:00:03]} 17. Qf4 {[%emt 0:00:02]} Ne7 {[%emt 0:00:01]} 18. Ne4 {[%emt 0:00:03]} O-O {[%emt 0:00:00]} 19. Nf6+ {[%emt 0:00:02]} Kh8 {[%emt 0:00:02]} 20. Raf1 {[%emt 0:00:04]} Nf5 {[%emt 0:00:02]} 21. h4 {[%emt 0:00:02]} Bc4 {[%emt 0:00:02]} 22. Re1 {[%emt 0:00:02]} Bxf6 {[%emt 0:00:01]} 23. exf6 {[%emt 0:00:02]} Bxa2 {[%emt 0:00:02]} 24. b3 {[%emt 0:00:01]} Qxf6 {[%emt 0:00:01]} 25. g4 {[%emt 0:00:01]} Rd4 {[%emt 0:00:02]} 26. Qf3 {[%emt 0:00:03]} Qxh4 {[%emt 0:00:03]} 27. gxf5 {[%emt 0:00:01]} Rg4+ {[%emt 0:00:01]} 28. Rg2 {[%emt 0:00:01]} Rxg2+ {[%emt 0:00:01]} 29. Kxg2 {[%emt 0:00:01]} Qxe1 {[%emt 0:00:00]} 30. Qc3+ {[%emt 0:00:02]} f6 {[%emt 0:00:04]} 31. Qxe1 {[%emt 0:00:01]} gxf5 {[%emt 0:00:02]} 32. Qa1 {[%emt 0:00:01]} Rg8+ {[%emt 0:00:01]} 33. Kf2 {[%emt 0:00:02]} h5 {[%emt 0:00:00]} 34. Qxa2 {[%emt 0:00:01]} h4 {[%emt 0:00:00]} 35. Qxa7 {[%emt 0:00:00]} h3 {[%emt 0:00:00]} 36. Qxc7 {[%emt 0:00:02]} h2 {[%emt 0:00:00]} 37. Qxh2+ {[%emt 0:00:01]} Kg7 {[%emt 0:00:01]} 38. Qf4 {[%emt 0:00:00]} Kf7 {[%emt 0:00:00]} 39. Qxf5 {[%emt 0:00:00]} Rg6 {[%emt 0:00:01]} 40. Qd3 {[%emt 0:00:00]} Rg5 {[%emt 0:00:01]} 41. Ke2 {[%emt 0:00:00]} Re5+ {[%emt 0:00:01]} 42. Kd2 {[%emt 0:00:00]} Ke6 {[%emt 0:00:01]} 43. Kc1 {[%emt 0:00:00]} Rd5 {[%emt 0:00:01]} 44. Kb2 {[%emt 0:00:00]} Rxd3 {[%emt 0:00:02]} 45. cxd3 {[%emt 0:00:00]} Kd5 {[%emt 0:00:01]} 46. Kc3 {[%emt 0:00:00]} f5 {[%emt 0:00:01]} 47. b4 {[%emt 0:00:00]} f4 {[%emt 0:00:01]} 48. Kd2 {[%emt 0:00:01] Time (Lag: Av=0.33s, max=0.7s)} 1-0